Country Shapes of Europe - Statistics

General Stats
  • This quiz has been taken 625 times
    443 since last reset
  • The average score is 37 of 45
Answer Stats
Picture Answer % Correct
France
99%
Germany
98%
Italy
98%
United Kingdom
98%
Spain
97%
Russia
96%
Greece
95%
Norway
94%
Sweden
94%
Portugal
93%
Ukraine
93%
Austria
92%
Croatia
91%
Poland
91%
Denmark
90%
Finland
90%
Iceland
90%
Ireland
85%
Netherlands
84%
Monaco
83%
Vatican City
83%
Albania
82%
Czechia
79%
Hungary
79%
Malta
79%
Switzerland
79%
Bosnia and Herzegovina
78%
Moldova
77%
Romania
77%
Kosovo
76%
Bulgaria
75%
Serbia
75%
Slovakia
75%
Belarus
74%
Latvia
73%
Estonia
72%
North Macedonia
70%
Lithuania
68%
Slovenia
68%
Belgium
67%
Liechtenstein
67%
Luxembourg
64%
Andorra
63%
Montenegro
63%
San Marino
62%
No matching quizzes found
Score Distribution
Percent of People with Each Score
Percentile by Number Answered
Your Score History
You have not taken this quiz since the last reset